| 000 | 01088cam a2200361Ia 4500 | ||
|---|---|---|---|
| 999 |
_c83181 _d83181 |
||
| 003 | BJBSDDR | ||
| 005 | 20230410130936.0 | ||
| 007 | ta | ||
| 008 | 050112s2005 sp 001 0 spa d | ||
| 020 | _a8466310835 | ||
| 020 | _a9788466310833 | ||
| 035 | _a(OCoLC)ocm57406643 | ||
| 035 |
_a(OCoLC)57406643 _z(OCoLC)149242485 |
||
| 040 |
_aBKL _cBKL _bspa |
||
| 041 | _aspa | ||
| 049 | _aGRAL | ||
| 050 | 1 | 4 |
_aPQ 8498.32 _bV297v 2005 |
| 082 | 0 | 0 | _a809.304 |
| 100 | 1 |
_aVargas Llosa, Mario, _d1936- |
|
| 245 | 1 | 3 |
_aLa verdad de las mentiras / _cMario Vargas Llosa. |
| 250 | _a3a ed. | ||
| 260 |
_aMadrid : _bSuma de Letras, _cc2005. |
||
| 300 |
_a463 p. ; _c18 cm. |
||
| 440 |
_aPunto de lectura. _pNarrativa ; _v3/9 |
||
| 500 | _aIncludes indexes. | ||
| 650 | 4 |
_aLiteratura peruana _xEnsayos, conferencias, etc.. _94625 |
|
| 650 | 4 |
_aNovela peruana _92356 |
|
| 650 | 0 |
_aFiction _y20th century _xHistory and criticism. |
|
| 650 | 0 |
_aLiterature, Modern _y20th century _xHistory and criticism. |
|
| 650 | 4 |
_aLiteratura _xHistoria y crÃtica. |
|
| 942 |
_2lcc _cBK |
||
| 946 | _aRCH | ||